BUBT Library Online Catalog

Literature and Language Teaching: (Record no. 6952)

000 -LEADER
fixed length control field 00817nam a22002297a 4500
003 - CONTROL NUMBER IDENTIFIER
control field BUBTL
008 - FIXED-LENGTH DATA ELEMENTS--GENERAL INFORMATION
fixed length control field 230215b ||||| |||| 00| 0 eng d
020 ## - INTERNATIONAL STANDARD BOOK NUMBER
International Standard Book Number 9780521406512
082 ## - DEWEY DECIMAL CLASSIFICATION NUMBER
Classification number 372.6'4044/ L456l/ 1993
100 ## - MAIN ENTRY--PERSONAL NAME
9 (RLIN) 5192
Personal name Lazar, Gillian
245 ## - TITLE STATEMENT
Title Literature and Language Teaching:
Remainder of title A Guide for Teachers and Trainers/
Statement of responsibility, etc. Gillian Lazar
250 ## - EDITION STATEMENT
Edition statement 1st Edn.
260 ## - PUBLICATION, DISTRIBUTION, ETC. (IMPRINT)
Place of publication, distribution, etc. United Kingdom:
Name of publisher, distributor, etc. Cambridge University Press,
Date of publication, distribution, etc. c1993
300 ## - PHYSICAL DESCRIPTION
Extent xiv, 268 p.:
Dimensions 21.5 cm
440 ## - SERIES STATEMENT/ADDED ENTRY--TITLE
9 (RLIN) 5193
Title Cambridge Teacher Training and Development
500 ## - GENERAL NOTE
General note Includes Index
505 ## - FORMATTED CONTENTS NOTE
Formatted contents note Literature and Language Teaching, Gillian Lazar, English Literature, English, Teachers and Trainers
650 #0 - SUBJECT ADDED ENTRY--TOPICAL TERM
9 (RLIN) 1994
Topical term or geographic name as entry element English Literature
856 ## - ELECTRONIC LOCATION AND ACCESS
Password 0
Logon 0
Link text Download
942 ## - ADDED ENTRY ELEMENTS (KOHA)
Source of classification or shelving scheme
Koha item type Books
Holdings
Withdrawn status Lost status Source of classification or shelving scheme Damaged status Not for loan Collection code Permanent location Current location Shelving location Date acquired Source of acquisition Inventory number Total Checkouts Full call number Barcode Date last seen Copy number Price effective from Koha item type
        Not For Loan Non-fiction Bangladesh University of Business and Technology Library Bangladesh University of Business and Technology Library English Literature Stacks 11/03/2022 Purchase 28842   372.6'4044/ L456l/ 1993 BUBTL-200328842 02/15/2023 C-1 02/15/2023 Books

More Information About Library

Library Hours

  • Open: 9.00 am. to 9.00 pm.
  • Only Sunday: 9.00 am. to 6.00 pm.
  • Closed: Holiday

Contact to the University

Bangladesh University of Business and Technology Library

  • Mirpurl-2, 1216.
  • Phone:
  • Fax:
  • E-Mail: admin.library@bubt.edu.bd

Contact to the Library

Contact Person:

Md. Abdul Hakim Shah
Joint Librarian
PABX No:  113
Cell No: 01816332931
E-mail: official: admin.library@bubt.edu.bd
Personal: hakim.shah@bubt.edu.bd


BUBT Library

Copyright © 2021